<?xml version="1.0" encoding="UTF-8"?>
<collection xmlns:xsi="http://www.w3.org/2001/XMLSchema-instance" xsi:schemaLocation="http://www.loc.gov/MARC21/slim http://www.loc.gov/standards/marcxml/schema/MARC21slim.xsd" xmlns="http://www.loc.gov/MARC21/slim">
 <record>
  <leader>00000nam a2200000 i 4500</leader>
  <controlfield tag="001">UP-1685954869149785460</controlfield>
  <controlfield tag="003">Buklod</controlfield>
  <controlfield tag="005">20240614084316.0</controlfield>
  <controlfield tag="006">m    |o  d |      </controlfield>
  <controlfield tag="007">cr |||||||||||</controlfield>
  <controlfield tag="008">240614s2018    nyua   gr   b|001 0|eng d</controlfield>
  <datafield tag="020" ind1=" " ind2=" ">
   <subfield code="a">9781138305984 (hardback : alk. paper)</subfield>
  </datafield>
  <datafield tag="035" ind1=" " ind2=" ">
   <subfield code="a">20002619</subfield>
  </datafield>
  <datafield tag="037" ind1=" " ind2=" ">
   <subfield code="a">SS-12450</subfield>
   <subfield code="b">Forefront</subfield>
   <subfield code="c">Php4,145.00</subfield>
   <subfield code="n">Department of Political Science</subfield>
  </datafield>
  <datafield tag="040" ind1=" " ind2=" ">
   <subfield code="a">DLC</subfield>
   <subfield code="d">DMLS</subfield>
   <subfield code="e">rda</subfield>
  </datafield>
  <datafield tag="041" ind1=" " ind2=" ">
   <subfield code="a">eng</subfield>
  </datafield>
  <datafield tag="042" ind1=" " ind2=" ">
   <subfield code="a">DMLUC</subfield>
  </datafield>
  <datafield tag="090" ind1=" " ind2=" ">
   <subfield code="a">JF 799 </subfield>
   <subfield code="b">T44 2018</subfield>
  </datafield>
  <datafield tag="100" ind1="1" ind2=" ">
   <subfield code="a">Theocharis, Yannis</subfield>
   <subfield code="e">author.</subfield>
  </datafield>
  <datafield tag="245" ind1="1" ind2="0">
   <subfield code="a">Political participation in a changing world</subfield>
   <subfield code="b">conceptual and empirical challenges in the study of citizen engagement</subfield>
   <subfield code="c">Yannis Theocharis and Jan W. van Deth.</subfield>
  </datafield>
  <datafield tag="264" ind1=" " ind2="1">
   <subfield code="a">New York</subfield>
   <subfield code="b">Routledge</subfield>
   <subfield code="c">2018.</subfield>
  </datafield>
  <datafield tag="300" ind1=" " ind2=" ">
   <subfield code="a">xiii, 129 pages</subfield>
   <subfield code="c">23 cm</subfield>
  </datafield>
  <datafield tag="336" ind1=" " ind2=" ">
   <subfield code="a">text</subfield>
   <subfield code="2">rdacontent</subfield>
  </datafield>
  <datafield tag="337" ind1=" " ind2=" ">
   <subfield code="a">unmediated</subfield>
   <subfield code="2">rdamedia</subfield>
  </datafield>
  <datafield tag="338" ind1=" " ind2=" ">
   <subfield code="a">volume</subfield>
   <subfield code="2">rdacarrier</subfield>
  </datafield>
  <datafield tag="504" ind1=" " ind2=" ">
   <subfield code="a">Includes bibliographical references and index.</subfield>
  </datafield>
  <datafield tag="505" ind1="0" ind2=" ">
   <subfield code="a">1. Would you recognize a form of political participation if you saw one? -- 2. The continuous expansions of political participation -- 3. The continuous expansions of concepts and definitions of political participation -- 4. Conceptualizing political participation -- 5. Measuring old and new forms of political participation -- 6. A road map for the study of political participation.</subfield>
  </datafield>
  <datafield tag="520" ind1=" " ind2=" ">
   <subfield code="a">&quot;In the last decades, political participation expanded continuously. This expansion includes activities as diverse as voting, tweeting, signing petitions, changing your social media profile, demonstrating, boycotting products, joining flash mobs, attending meetings, throwing seedbombs, and donating money. But if political participation is so diverse, how do we recognize participation when we see it? Despite the growing interest in new forms of citizen engagement in politics, there is virtually no systematic research investigating what these new and emerging forms of engagement look like, how prevalent they are in various societies, and how they fit within the broader structure of well-known participatory acts conceptually and empirically. The rapid spread of internet-based activities especially underlines the urgency to deal with such challenges. In this book, Yannis Theocharis and Jan W. van Deth put forward a systematic and unified approach to explore political participation and offer new conceptual and empirical tools with which to study it. Political Participation in a Changing World will assist both scholars and students of political behavior to systematically study new forms of political participation without losing track of more conventional political activities.&quot;--Provided by publisher.&#13;
</subfield>
  </datafield>
  <datafield tag="650" ind1=" " ind2="0">
   <subfield code="a">Political participation</subfield>
   <subfield code="x">Research</subfield>
   <subfield code="x">Methodology.</subfield>
  </datafield>
  <datafield tag="700" ind1="1" ind2=" ">
   <subfield code="a">Deth, Jan W. van</subfield>
   <subfield code="e">author.</subfield>
  </datafield>
  <datafield tag="905" ind1=" " ind2=" ">
   <subfield code="a">FO</subfield>
  </datafield>
  <datafield tag="852" ind1="0" ind2=" ">
   <subfield code="a">UPD</subfield>
   <subfield code="b">DMLS</subfield>
   <subfield code="h">JF 799</subfield>
   <subfield code="i">T44 2018</subfield>
  </datafield>
  <datafield tag="942" ind1=" " ind2=" ">
   <subfield code="a">Book</subfield>
  </datafield>
 </record>
</collection>
